Statistics for Enemies of the US (according to my classmates and teachers)

Click here to take the quiz!

General Stats

  • This quiz has been taken 246 times
  • The average score is 6 of 11

Answer Stats

#Country% Correct
4Russia
94%
1China
90%
8North Korea
89%
1Syria
64%
3Cuba
61%
1Japan
60%
1Saudi Arabia
54%
2Venezuela
41%
1South Korea (Huh?)
28%
1United Kingdom
8%
1Sudan (I honestly don't know why)
0%

Score Distribution

Percentile by Number Answered

Percent of People with Each Score

Your Score History

You have not taken this quiz